Cyrylica - klikanie - Statystyki

Ogólne statystyki
  • Ten quiz został rozwiązany 147 razy
  • Średni wynik to 24 z 31
Statystyki odpowiedzi
Hint Odpowiedź % Poprawnych
O O
94%
Б B
93%
A A
92%
K K
92%
M M
92%
T T
89%
Д D
86%
Ф F
83%
H N
83%
P R
83%
У U
82%
Э E
80%
B W
80%
Я JA
79%
П P
79%
Ж Ż/RZ
79%
Ш SZ
77%
Щ SZCZ
77%
X CH/H
76%
И I
76%
Й J
75%
Л L
75%
C S
75%
Ы Y
75%
Г G
73%
З Z
72%
Ч CZ
58%
E JE
58%
Ё JO
56%
Ю JU
55%
Ц C
54%
Nie znaleziono quizów pasujących do podanych kryteriów
Rozkład punktacji
Procent ludzi z każdym wynikiem
Percentyl według liczby udzielonych odpowiedzi
Twoja historia wyników
Nie rozwiązałeś tego quizu